Μεσαιωνικός σλαβικός κόσμος

Αποθηκεύτηκε σε:
Λεπτομέρειες βιβλιογραφικής εγγραφής
Άλλοι συγγραφείς: Σοφούλης, Πάνος Θ., 1974- (Επιμελητής έκδοσης), Παπαγεωργίου, Αγγελική (edtf)
Μορφή: Βιβλίο
Γλώσσα:Greek
Δημοσίευση: Αθήνα : Ηρόδοτος, 2015.
Σειρά:Mediaevalia
Θέματα:
Ετικέτες: Προσθήκη ετικέτας
Δεν υπάρχουν, Καταχωρήστε ετικέτα πρώτοι!

MARC

LEADER 00000nam a2200000 a 4500
001 1/107010
008 150617s2015####gr | ||| |||| ||gre||
020 |a 9789604851003  
040 |a GR-MyUa   |b gre   |c GR-MyUa   |e AACR2  
041 1 |a gre 
082 7 |a 949.60918   |2 (23)  
245 0 0 |a Μεσαιωνικός σλαβικός κόσμος /   |c Πάνος Σοφούλης, Αγγελική Παπαγεωργίου (επιστημονική επιμέλεια) 
260 |a Αθήνα :   |b Ηρόδοτος,   |c 2015.  
300 |a 270 σ.   |c 24 εκ.  
490 1 |a (Mediaevalia ;   |v I) 
650 0 |a Slavs  |x History. 
650 0 |a Slavs  |z Balkan Peninsula  |x History. 
700 1 |a Σοφούλης, Πάνος Θ.,   |d 1974-  |e edt 
700 1 |a Παπαγεωργίου, Αγγελική.  |e edtf 
830 0 |a Mediaevalia 
852 |a INST  |b LESVOS  |c EUDOXUS  |e 20150617  |h 949.60918 ΜΕΣ  |p 005100056989  |q 005100056989  |t EDX  |y 0 
920 |a Εύδοξος   |b Παραγγελία   |y Λέσβος-ΤΚΑΙ  |z 2015-04  
970 |a Τζαφέρη   |b Ευαγγελία   |z 16-06-2015